<?xml version="1.0" encoding="UTF-8"?><?xml-stylesheet type="text/xsl" href="static/style.xsl"?><OAI-PMH xmlns="http://www.openarchives.org/OAI/2.0/" xmlns:xsi="http://www.w3.org/2001/XMLSchema-instance" xsi:schemaLocation="http://www.openarchives.org/OAI/2.0/ http://www.openarchives.org/OAI/2.0/OAI-PMH.xsd"><responseDate>2026-04-17T01:50:49Z</responseDate><request verb="GetRecord" identifier="oai:www.recercat.cat:2445/206641" metadataPrefix="marc">https://recercat.cat/oai/request</request><GetRecord><record><header><identifier>oai:recercat.cat:2445/206641</identifier><datestamp>2025-12-05T10:34:51Z</datestamp><setSpec>com_2072_1057</setSpec><setSpec>col_2072_478917</setSpec><setSpec>col_2072_478935</setSpec></header><metadata><record xmlns="http://www.loc.gov/MARC21/slim" xmlns:dcterms="http://purl.org/dc/terms/" xmlns:xsi="http://www.w3.org/2001/XMLSchema-instance" xmlns:doc="http://www.lyncode.com/xoai" xsi:schemaLocation="http://www.loc.gov/MARC21/slim http://www.loc.gov/standards/marcxml/schema/MARC21slim.xsd">
   <leader>00925njm 22002777a 4500</leader>
   <datafield ind2=" " ind1=" " tag="042">
      <subfield code="a">dc</subfield>
   </datafield>
   <datafield ind2=" " ind1=" " tag="720">
      <subfield code="a">Simó i Solsona, Montse</subfield>
      <subfield code="e">author</subfield>
   </datafield>
   <datafield ind2=" " ind1=" " tag="720">
      <subfield code="a">Vilà Bosqued, Gemma</subfield>
      <subfield code="e">author</subfield>
   </datafield>
   <datafield ind2=" " ind1=" " tag="260">
      <subfield code="c">2024-01-30T10:31:25Z</subfield>
   </datafield>
   <datafield ind2=" " ind1=" " tag="260">
      <subfield code="c">2012</subfield>
   </datafield>
   <datafield ind2=" " ind1=" " tag="260">
      <subfield code="c">info:eu-repo/date/embargoEnd/2099-01-01</subfield>
   </datafield>
   <datafield ind2=" " ind1=" " tag="520">
      <subfield code="a">Since the late 1980s, the Metropolitan Region of Barcelona (MRB) has been undergoing enormous changes. Residential strategies have directly been aff ected by diverse economic crises and several factors such as employment, purchasing power, borrowing capacity infl uencing housing access, and the housing market. This is particularly true for the present crisis as the Spanish GDP is based on tourism and the construction industries. This context has infl uenced social groups in various ways, generating new vulnerabilities&#xd;
and inequalities, and, hence, unfolding a new residential map. Probably the period’s greatest change has been the development of the disperse city due to housing estate growth. Therefore, a new landscape has appeared. Even though the analyzed period starts and ends with two significant economic crises, between both, Spain underwent an economic prosperity period that aff ected residential strategies. The late 1980s crisis—deriving from the 1970s oil crisis—cleared the way for urban out-migration to housing estates. Spain underwent a real estate boom that has particularly led middle classes, but not only them, to change residential strategies. This process is especially visible in the MRB. Immoderate property price increases together with a policy of readily available mortgage credits contributed to a residential model change. Middle classes left large cities that were too expensive and that off ered them scarcely adapted homes to their new needs. Young couples, with or without children, chose to move to the new growing market of housing estates in urban sprawl areas, consolidating an  urban model where the traditional Mediterranean compact city co-exists with low-density dispersed housing estates.</subfield>
   </datafield>
   <datafield tag="653" ind2=" " ind1=" ">
      <subfield code="a">Barcelonès (Catalunya)</subfield>
   </datafield>
   <datafield tag="653" ind2=" " ind1=" ">
      <subfield code="a">Crisis econòmiques</subfield>
   </datafield>
   <datafield tag="653" ind2=" " ind1=" ">
      <subfield code="a">Mobilitat residencial</subfield>
   </datafield>
   <datafield tag="653" ind2=" " ind1=" ">
      <subfield code="a">Barcelonès (Catalonia)</subfield>
   </datafield>
   <datafield tag="653" ind2=" " ind1=" ">
      <subfield code="a">Depressions</subfield>
   </datafield>
   <datafield tag="653" ind2=" " ind1=" ">
      <subfield code="a">Residential mobility</subfield>
   </datafield>
   <datafield ind2="0" ind1="0" tag="245">
      <subfield code="a">Social Effects of Crisis Residential Mobility and Urban Sprawl in the Metropolitan Region of Barcelona (Spain)</subfield>
   </datafield>
</record></metadata></record></GetRecord></OAI-PMH>